00540 2200193 4500001002100000005001500021008004100036020002200077035001900099041000700118082001200125090001800137100003100155245004800186250002100234260003300255300003500288990002300323INLIS00000000002012720241224115830241224||||||||| | ||| |||| || |  a978-979-3535-71-5 0010-1224020127 aid0 a597.903 a597.903 ENS e0 aTim Penerbit Lentera Abadi00aEnsiklopedia Biologi Dunia Hewan 4 : Reptil aBahasa Indonesia aJakartabLentera Abadic2013 axxxvi, 130 hlm. ; ill. : 23 cm a05.17.01.06.10 001